000 00451nam a2200145Ia 4500
008 231221s9999 xx 000 0 und d
041 _aEnglish
082 _a371.2 CHA;1 R
100 _aChandra Soti, Shivendra. Chakarborty, A K
245 0 _aSchool administration organisation management and supervision
260 _c2006
_bSurya
_aMeerut
300 _a596
650 _aSchool,administration,organisation,management,supervision
942 _cED
999 _c207089
_d207089